El pensamiento político del libertador
Saved in:
| 企业作者: | |
|---|---|
| 格式: | 图书 |
| 语言: | 西班牙语 |
| 出版: |
Bogotá
Ministerio de Educación Nacional
1953
|
| 主题: | |
| 标签: |
添加标签
没有标签, 成为第一个标记此记录!
|
MARC
| LEADER | 00000nam a2200000 a 4500 | ||
|---|---|---|---|
| 001 | UCO2751 | ||
| 003 | CL-VaPUC | ||
| 008 | 000608e19530000CK |||||||||||||||||spa|d | ||
| 082 | 0 | 4 | |a 320.5 |b MIN |2 21 |
| 110 | 2 | |a Ministerio de Educación Nacional |e author |9 446342 | |
| 245 | 1 | 3 | |a El pensamiento político del libertador |
| 300 | |a 227 p | ||
| 942 | |c BK | ||
| 945 | |d 20000608 00:00:00 |a rherrera | ||
| 260 | |a Bogotá |b Ministerio de Educación Nacional |c 1953 | ||
| 600 | 0 | |a Bolívar, Simón |d 1783-1830 |9 265422 | |
| 650 | 7 | |a FILOSOFIA POLITICA |2 CL-VaPUC |9 446343 | |
| 650 | 0 | |a Cartas |9 321777 | |
| 650 | 0 | |a Discursos |9 265028 | |
| 650 | 7 | |a CONSTITUCION BOLIVIANA |2 CL-VaPUC |9 446344 | |
| 650 | 0 | |a Historia de américa siglo 19 |9 406763 | |
| 651 | 0 | |a América |9 255182 | |
| 583 | |a last modification |c 20160829 01:40:17 |k Rodrigo Vera | ||
| 999 | |c 289247 |d 289245 | ||
| 952 | |0 0 |1 0 |4 0 |6 320_500000000000000_MIN_1953 |7 0 |8 A |9 337491 |a BIBHIS |b BIBHIS |d 2019-11-20 |i 1289640 |o 320.5 MIN 1953 |p 1289640 |r 2025-01-20 |w 2019-11-20 |y BK |k HIS | ||